Hotel España : un nuevo descubrimiento de América Latina /

Bibliographic Details
Format: Libro
Language:English
Published: Bogotá Norma 2009
Online Access:

MARC

LEADER 00000cam a2200000 a 4500
001 000016
003 UAHC_CL
005 20170803115611.0
008 111117b xx j 000 1 eng
020 |a 9789584521767 
040 |a UAHC_CL  |c UAHC_CL  |d UAHC_CL 
245 1 0 |a Hotel España :  |b un nuevo descubrimiento de América Latina /  |c Juan Pablo Meneses. 
260 |b Norma  |a Bogotá  |c 2009 
300 |a 264 p. 
521 |a Proyecto FONDECYT 11110202. La crónica periodístico-literaria en Chile: siglo XXI. 
942 |c BK 
952 |0 0  |1 0  |4 0  |7 0  |8 General  |9 26  |a BC  |b BC  |c General  |d 2017-08-03  |l 0  |m 3  |p 1385019  |q 2018-01-11  |r 2017-08-03 00:00:00  |t 1  |w 2017-08-03  |y BK 
999 |c 16  |d 16